| 000 | 00839nam a2200217Ii 4500 | ||
|---|---|---|---|
| 003 | JO-AjNU | ||
| 008 | 230605s9999||||xx |||||||||||||| ||und|| | ||
| 040 |
_aJO-AjNU _bara _erda _cJO-AjNU |
||
| 041 | _aara | ||
| 050 | 1 | 4 | _aLB2801.A1.B5468 1998 |
| 100 | 3 |
_aبله، فكتور ؛ م.مشارك تيسير النهار, _eauthor _957087 |
|
| 245 | 0 | 0 | _aكيفية إنشاء نظم إدارة المعلومات التربوية |
| 250 | _aط2 | ||
| 264 | 3 | 1 | _aعمان: المركز الوطني للبحث والتطوير التربوي، 1991 |
| 300 | _a62ص | ||
| 336 |
_atext _btxt _2rdacontent |
||
| 337 |
_aunmediated _bn _2rdamedia |
||
| 338 |
_avolume _bnc _2rdacarrier |
||
| 490 | 0 | _aسلسلة منشورات المركز 1 | |
| 650 | 4 |
_aنظم المعلومات الادارية- الادارة التعليمية _957088 |
|
| 999 |
_aA25561 _c29129 _d29129 |
||